|
|
|
|
| LEADER |
00000nas a2200000 a 4500 |
| 005 |
20130617183417.0 |
| 007 |
cr|||| |||| |
| 008 |
970219c19979999spc|| ||| ||| 0 ||spa| |
| 017 |
|
|
|a DL B. 15318-1981
|
| 022 |
|
|
|a 1137-3636
|
| 035 |
|
|
|a 8874
|
| 040 |
|
|
|d vLex
|
| 080 |
|
|
|a 002(05)
|
| 090 |
|
|
|c 4372
|d 4372
|
| 222 |
|
0 |
|a Revista Anthropos
|
| 245 |
0 |
0 |
|a Huellas del conocimiento
|h [Recurso electrn̤ico]
|
| 246 |
3 |
|
|a Rev. Anthr.
|
| 256 |
|
|
|a Servicio en ln̕ea
|
| 260 |
|
|
|a Barcelona :
|b Proyecto A,
|c 1997-
|
| 300 |
|
|
|a 1 recurso electrn̤ico
|
| 310 |
|
|
|a Trimestral
|
| 321 |
|
|
|a Bimestral
|
| 362 |
0 |
|
|a No. 170/171 (ene./abr. 1997)-
|
| 500 |
|
|
|a Tt̕ulo abreviadot: Rev. Anthr.
|
| 504 |
|
|
|a Bibliografa̕
|
| 504 |
|
|
|a Referencias bibliogrf̀icas
|
| 505 |
8 |
|
|a Incluye recensiones
|
| 506 |
1 |
|
|a Contenido solo disponible en los productos indicados
|d vLex Global
|d vLex Global (Academic Edition, excluding Law Schools)
|d vLex Global (U.S. Academic Edition, Law Schools)
|d vLex Global (U.S. Academic Edition, excluding Law Schools)
|d vLex Global (Academic Edition, Law Schools)
|
| 515 |
|
|
|a algunos ejemplares adems̀ de la numeracin̤ propia son considerados nm︢eros extraordinarios
|
| 580 |
|
|
|a Continuaci ̤de: Anthropos (Barcelona) = ISSN 0211-5611
|
| 650 |
0 |
4 |
|a Documentacin̤
|x Revistas
|
| 650 |
0 |
4 |
|a Hermenǔtica
|
| 740 |
0 |
|
|a Anthropos (Barcelona)
|
| 740 |
0 |
|
|a Anthropos : cuadernos de cultura crt̕ica y conocimiento
|
| 740 |
0 |
|
|a vLex Revistas (Servicio en ln̕ea)
|
| 856 |
4 |
2 |
|z Acceso restringido
|u http://vlex.com/source/anthropos-huellas-conocimiento-8874
|
| 942 |
|
|
|c REV
|